Music Quiz

Random Music or Lyrics Quiz
Score 0/298 Timer 10:00
1 Play Today
Lyrics % Correct
I
98.8%
I
98.8%
I
98.8%
I
98.8%
I
98.8%
I
98.8%
I
98.8%
I
98.8%
I
98.8%
I
98.8%
I
98.8%
I
98.8%
I
98.8%
I
98.8%
I
98.8%
I
98.8%
I
98.8%
I
98.8%
I
98.8%
I
98.8%
the
98.7%
the
98.7%
the
98.7%
and
98.7%
The
98.7%
The
98.7%
The
98.7%
and
98.7%
The
98.7%
the
98.7%
the
98.7%
the
98.7%
the
98.7%
And
98.7%
The
98.7%
The
98.7%
The
98.7%
and
98.7%
The
98.7%
The
98.7%
And
98.7%
the
98.7%
The
98.7%
and
98.7%
The
98.7%
98.7%
my
95.3%
my
95.3%
my
95.3%
my
95.3%
my
95.3%
my
95.3%
my
95.3%
my
95.3%
my
95.3%
my
95.3%
my
95.3%
my
95.3%
my
95.3%
my
95.3%
her
93.2%
her
93.2%
her
93.2%
her
93.2%
her
93.2%
her
93.2%
her
93.2%
her
93.2%
her
93.2%
her
93.2%
her
93.2%
her
93.2%
in
92.9%
in
92.9%
in
92.9%
in
92.9%
in
92.9%
in
92.9%
in
92.9%
of
92.2%
of
92.2%
of
92.2%
of
92.2%
of
92.2%
of
92.2%
of
92.2%
of
92.2%
to
92.2%
story
92.2%
to
92.2%
story
92.2%
story
92.2%
story
92.2%
to
92.2%
story
92.2%
story
92.2%
to
92.2%
story
92.2%
to
92.2%
story
92.2%
Lyrics % Correct
on
91.9%
on
91.9%
on
91.9%
on
91.9%
on
91.9%
that
91.6%
that
91.6%
that
91.6%
that
91.6%
that
91.6%
that
91.6%
life
91.6%
life
91.6%
life
91.6%
life
91.6%
life
91.6%
life
91.6%
life
91.6%
life
91.6%
Written
91.3%
written
91.3%
Written
91.3%
walls
91%
walls
91%
these
90.8%
these
90.8%
these
90.8%
can't
90.7%
can't
90.7%
are
90.6%
are
90.6%
it
89.4%
It
89.4%
it
89.4%
heart
88.8%
heart
88.8%
heart
88.8%
night
88.5%
night
88.5%
night
88.5%
be
88.4%
be
88.4%
be
88.4%
Is
88.1%
is
88.1%
all
88.1%
is
88.1%
is
88.1%
all
88.1%
is
88.1%
is
88.1%
all
88.1%
Is
88.1%
stories
88%
take
87.8%
take
87.8%
keep
87.5%
keep
87.5%
keep
87.5%
home
87.4%
home
87.4%
warm
87.2%
warm
87.2%
warm
87.2%
open
87.1%
open
87.1%
open
87.1%
drive
86.8%
drive
86.8%
drive
86.8%
for
86.6%
for
86.6%
She
86.1%
she
86.1%
but
85.9%
but
85.9%
But
85.9%
frozen
85.7%
frozen
85.7%
frozen
85.7%
leave
85.1%
Leave
85.1%
I'll
84.6%
I'll
84.6%
I'll
84.6%
explain
84.4%
me
84.3%
me
84.3%
gone
84.2%
gone
84.2%
time
84.2%
gone
84.2%
gone
84.2%
time
84.2%
time
84.2%
time
84.2%
stays
84.2%
stays
84.2%
here
84.1%
here
84.1%
Lyrics % Correct
morning
84%
morning
84%
right
83.3%
right
83.3%
days
83.2%
tonight
83.1%
tonight
83.1%
empty
81.5%
feel
80.3%
same
79.5%
nothing
79%
nothing
79%
tight
79%
tight
79%
will
78.8%
see
78.8%
between
78.6%
between
78.6%
don't
78.2%
told
78%
holding
78%
holding
78%
words
77.9%
love
77.9%
love
77.9%
love
77.9%
broke
77.8%
broke
77.8%
broke
77.8%
feet
77.8%
feet
77.8%
about
77.5%
stone
77.5%
bones
77.4%
us
77%
when
77%
us
77%
inside
76.8%
inside
76.8%
inside
76.8%
way
76.3%
way
76.3%
beneath
76.3%
beneath
76.3%
wide
76.2%
been
76.2%
been
76.2%
been
76.2%
its
76.1%
until
75.8%
until
75.8%
until
75.8%
she's
75.6%
she's
75.6%
she's
75.6%
die
74.8%
with
74.6%
with
74.6%
so
74.4%
you
74.2%
spend
74%
spend
74%
spend
74%
seems
73.8%
too
73.7%
ground
73.3%
change
72.9%
give
72.4%
give
72.4%
give
72.4%
cage
71.7%
colors
70.7%
hope
70.3%
hope
70.3%
hope
70.3%
know
70%
this
65.9%
light
65.9%
like
65.7%
clouds
63.9%
chasing
63.7%
baby
63.7%
come
63.4%
waiting
63.1%
after
63.1%
running
62.9%
around
62.1%
burning
60.9%
still
60.3%
fire
60.1%
bright
60%
upon
59.2%
broken
58.6%
am
57.8%
Although
53.6%
untamed
48.7%
your
27.5%
ear
22.4%
Remove Ads.
Support Sporcle.
Get the best of Sporcle when you Go Orange. This ad-free experience offers more features, more stats, and more fun while also helping to support Sporcle. Thank you for becoming a member.

You're not logged in!

Compare scores with friends on all Sporcle quizzes.
OR
Log In

Show Comments

Extras

Created Oct 28, 2013ReportNominate
Tags:Lyrics Quiz, One Direction

Top Quizzes Today


Score Distribution

Your Account Isn't Verified!

In order to create a playlist on Sporcle, you need to verify the email address you used during registration. Go to your Sporcle Settings to finish the process.

Report this User

Report this user for behavior that violates our Community Guidelines.

Details: